000 00514nam a2200169 a 4500
001 000039814
005 20201002033741.0
008 130723s1978 sp a 000 0 spa d
020 _a8431508183
040 _aDO-SdBNP
_bspa
_cBNPHU
082 _axxx
100 1 _aDello Strologo, Saulla
_966011
245 1 0 _aAquello que los gobiernos ocultan sobre los platillos volantes /
_cSaulla Dello Strologo.
250 _a4a ed.
260 _aBarcelona :
_bEditorial de Vecchi,
_c1978.
300 _a215 p. :
_bil. ;
_c21 cm.
999 _c39304
_d39304